000 00797nam a22001817a 4500
005 20240405153111.0
010 _aHIN-125954
020 _a9789354092664
_c185.00
035 _aHN-98300
037 _bDBAD/PUB
082 _a820.08
100 _aराज शेखर
_964329
245 _aहरिवंशराय बच्चन;जीवन और सृजन के सोपान /
_cराज शेखर
260 _aनई दिल्ली
_bप्रकाशन विभाग
_c2021
270 _aसूचना भवन सी जी ओ काम्प्लेक्स लोधी रोड
_bनई दिल्ली
_e110003
300 _a171 पृ.;
_c22 सेमी (अजिल्द)
942 _cHN
_2ddc
_h820.08
_mराजशे
999 _c198077
_d198077